[Event "PRO League Group Stage"]
[Site "chess.com INT"]
[Date "2018.02.24"]
[Round "7"]
[White "Summerscale, Aaron P"]
[Black "Gurevich, Daniel"]
[Result "1/2-1/2"]
[WhiteTitle "GM"]
[BlackTitle "IM"]
[WhiteElo "2395"]
[BlackElo "2483"]
[WhiteTeam "London Towers"]
[BlackTeam "Minnesota Blizzard"]
[WhiteFideId "400980"]
[BlackFideId "2044676"]
[EventDate "2018.01.18"]

1. d4 d5 2. Bf4 e6 3. e3 Bd6 4. Bg3 Nf6 5. Nf3 O-O 6. Nbd2 c5 7. c3 Qc7 8. Rc1
Nbd7 9. c4 Bxg3 10. hxg3 Qa5 11. cxd5 cxd4 12. Nxd4 Qxd5 13. Qb3 Ne5 14. Qxd5
Nxd5 15. Nc4 Nxc4 16. Bxc4 Nf6 17. Bb3 Bd7 18. Rc7 Rab8 19. O-O Rfc8 20. Rfc1
Ne8 21. Rxc8 Rxc8 22. Rxc8 Bxc8 23. Kf1 Kf8 24. Ke2 Ke7 25. g4 Nd6 26. f3 e5 27.
Nc2 Be6 28. Bxe6 Kxe6 29. e4 1/2-1/2

[Event "PRO League Group Stage"]
[Site "chess.com INT"]
[Date "2018.02.24"]
[Round "7"]
[White "Chandra, Akshat"]
[Black "Bernotas, Arturs"]
[Result "0-1"]
[WhiteTitle "GM"]
[BlackTitle "FM"]
[WhiteElo "2510"]
[BlackElo "2430"]
[WhiteTeam "Saint Louis Arch Bishops"]
[BlackTeam "Riga Magicians"]
[WhiteFideId "25006711"]
[BlackFideId "11601426"]
[EventDate "2018.01.18"]

1. e4 d6 2. d4 Nf6 3. Nc3 e5 4. Nf3 Nbd7 5. Bc4 Be7 6. a4 O-O 7. O-O a5 8. Re1
c6 9. h3 Nb6 10. Bd3 Nfd7 11. Bf1 exd4 12. Nxd4 Nc5 13. b3 Bf6 14. Qd2 Re8 15.
Ba3 Na6 16. Bxa6 Rxa6 17. Rad1 Ra8 18. Nde2 d5 19. exd5 Nxd5 20. Nxd5 cxd5 21.
Nf4 Rxe1+ 22. Qxe1 d4 23. c3 Bf5 24. Qe2 Qe8 25. cxd4 Qxe2 26. Nxe2 Bc2 27. Rc1
Bxb3 28. Rb1 Bd5 29. Nc3 Bc6 30. Bc5 Rd8 31. Bb6 Rd7 32. d5 Bxc3 33. dxc6 bxc6
34. Bc5 f6 35. Rb8+ Kf7 36. Rc8 Rd1+ 37. Kh2 Rc1 38. Rc7+ Kg6 39. g3 Bb4 40. Be3
Rc2 41. g4 Bd6+ 42. Kg2 Bxc7 0-1

[Event "PRO League Group Stage"]
[Site "chess.com INT"]
[Date "2018.02.24"]
[Round "7"]
[White "Chandra, Akshat"]
[Black "Blomqvist, Erik"]
[Result "1-0"]
[WhiteTitle "GM"]
[BlackTitle "GM"]
[WhiteElo "2510"]
[BlackElo "2502"]
[WhiteTeam "Saint Louis Arch Bishops"]
[BlackTeam "Stockholm Snowballs"]
[WhiteFideId "25006711"]
[BlackFideId "1709437"]
[EventDate "2018.01.18"]

1. e4 c5 2. Nf3 e6 3. d4 cxd4 4. Nxd4 Nc6 5. Nc3 Qc7 6. Qd3 a6 7. Nxc6 bxc6 8.
Qg3 Qxg3 9. hxg3 d5 10. g4 Rb8 11. g5 Bd6 12. b3 Ne7 13. g3 e5 14. Bb2 d4 15.
Na4 Be6 16. Bxa6 c5 17. Ba3 O-O 18. Bxc5 Rfd8 19. Bd3 Nc6 20. Bxd6 Rxd6 21. f4
Bg4 22. f5 h5 23. Nb2 g6 24. Nc4 Rdd8 25. fxg6 fxg6 26. O-O Rf8 27. a4 Bh3 28.
Rxf8+ Kxf8 29. a5 Ke7 30. a6 Ra8 31. Nb6 Ra7 32. Nd5+ Kd6 33. b4 Be6 34. b5 Bxd5
35. exd5 Nb4 36. b6 1-0

[Event "PRO League Group Stage"]
[Site "chess.com INT"]
[Date "2018.02.24"]
[Round "7"]
[White "Chandra, Akshat"]
[Black "Ehlvest, Jaan"]
[Result "0-1"]
[WhiteTitle "GM"]
[BlackTitle "GM"]
[WhiteElo "2510"]
[BlackElo "2536"]
[WhiteTeam "Saint Louis Arch Bishops"]
[BlackTeam "Estonia Horses"]
[WhiteFideId "25006711"]
[BlackFideId "4500016"]
[EventDate "2018.01.18"]

1. d4 Nf6 2. c4 d6 3. Nf3 Nbd7 4. Nc3 g6 5. g3 Bg7 6. Bg2 O-O 7. O-O e5 8. b3 a6
9. e4 exd4 10. Nxd4 Re8 11. Be3 c5 12. Nde2 Ne5 13. h3 Rb8 14. a4 Be6 15. Nf4
Nc6 16. Qd2 Qa5 17. Nfe2 Qb4 18. Rab1 Nd7 19. Rfd1 f5 20. Qc2 Rbd8 21. Bg5 Nd4
22. Nxd4 cxd4 23. Nd5 Bxd5 24. exd5 Rc8 25. Bd2 Qa3 26. Bc1 Qc5 27. Bb2 b5 28.
axb5 axb5 29. Qd2 bxc4 30. bxc4 Nb6 31. Bf1 Nxc4 32. Bxc4 Qxc4 33. Re1 Qxd5 34.
Rxe8+ Rxe8 35. Rd1 h5 36. h4 Re4 37. Qd3 f4 38. Rc1 fxg3 39. fxg3 Qe5 40. Rf1
Re3 41. Qc4+ Kh7 0-1

[Event "PRO League Group Stage"]
[Site "chess.com INT"]
[Date "2018.02.24"]
[Round "7"]
[White "Chandra, Akshat"]
[Black "Gorodetzky, David"]
[Result "0-1"]
[WhiteTitle "GM"]
[BlackTitle "FM"]
[WhiteElo "2510"]
[BlackElo "2411"]
[WhiteTeam "Saint Louis Arch Bishops"]
[BlackTeam "London Towers"]
[WhiteFideId "25006711"]
[BlackFideId "2813416"]
[EventDate "2018.01.18"]

1. e4 e6 2. d4 d5 3. Nd2 dxe4 4. Nxe4 Nd7 5. Nf3 Ngf6 6. Nxf6+ Nxf6 7. Bg5 c5 8.
Bb5+ Bd7 9. Qe2 Qa5+ 10. c3 Qxb5 11. c4 Qa5+ 12. Bd2 Qb6 13. O-O-O O-O-O 14. Bf4
Bd6 15. Ne5 cxd4 16. Kb1 Kb8 17. Rc1 Bxe5 18. Bxe5+ Ka8 19. c5 Qb5 20. Qd2 Bc6
21. f3 Rd5 22. Rhe1 Rxc5 23. Qxd4 Rxc1+ 24. Rxc1 Qd5 25. Bxf6 Qf5+ 26. Ka1 Qxf6 0-1

[Event "PRO League Group Stage"]
[Site "chess.com INT"]
[Date "2018.02.24"]
[Round "7"]
[White "Lenderman, Aleksandr"]
[Black "Adhiban, Baskaran"]
[Result "1-0"]
[WhiteTitle "GM"]
[BlackTitle "GM"]
[WhiteElo "2611"]
[BlackElo "2655"]
[WhiteTeam "Montclair Sopranos"]
[BlackTeam "Mumbai Movers"]
[WhiteFideId "2021285"]
[BlackFideId "5018471"]
[EventDate "2018.01.18"]

1. d4 d6 2. Nf3 g6 3. c4 Bg7 4. Nc3 Nf6 5. e4 O-O 6. Be2 Nbd7 7. O-O e5 8. Qc2
exd4 9. Nxd4 Re8 10. Rd1 Nc5 11. f3 Nh5 12. Bf1 Bd7 13. Qf2 a5 14. Be3 a4 15.
Ndb5 a3 16. b4 Na4 17. Bd4 Nxc3 18. Nxc3 Be6 19. Bxg7 Kxg7 20. c5 Qe7 21. cxd6
cxd6 22. Qd4+ Nf6 23. Qxd6 Qxd6 24. Rxd6 Rec8 25. Nb5 Bc4 26. Bxc4 Rxc4 27. Rd4
Rc2 28. e5 Ng8 29. Rd7 Nh6 30. Nd6 Re2 31. Rxb7 Rxe5 32. Ne4 Rd5 33. Rc1 Rad8
34. Ra7 Rb8 35. Rxa3 Rxb4 36. Rb3 Ra4 37. Rb2 Rda5 38. Nc3 Ra3 39. Rb3 Nf5 40.
Rxa3 Rxa3 41. Kf2 h5 42. Ke2 h4 43. Kd3 Kh6 44. Re1 Nd6 45. Re5 Kg7 46. Kc2 f5
47. Re7+ Kf6 48. Rd7 Nc4 49. Rd3 Ra8 50. a4 Rb8 51. Nb5 f4 52. Kb3 Ne5 53. Rd6+
Kf5 54. h3 Nf7 55. Rd5+ Ke6 56. Rd4 g5 57. Kb4 Nh6 58. Rd6+ Ke5 59. Rxh6 Kf5 60.
Rc6 Ke5 61. Rc5+ Kf6 62. a5 Rd8 63. a6 Rd2 64. a7 Ra2 65. Rc3 1-0

[Event "PRO League Group Stage"]
[Site "chess.com INT"]
[Date "2018.02.24"]
[Round "7"]
[White "Lenderman, Aleksandr"]
[Black "Lenic, Luka"]
[Result "1/2-1/2"]
[WhiteTitle "GM"]
[BlackTitle "GM"]
[WhiteElo "2611"]
[BlackElo "2662"]
[WhiteTeam "Montclair Sopranos"]
[BlackTeam "Ljubljana Turtles"]
[WhiteFideId "2021285"]
[BlackFideId "14603853"]
[EventDate "2018.01.18"]

1. d4 Nf6 2. c4 e6 3. g3 d5 4. Bg2 dxc4 5. Nf3 c6 6. a4 c5 7. O-O Bd7 8. Na3 Bc6
9. Nxc4 Nbd7 10. Bf4 Be7 11. dxc5 Nxc5 12. Nd6+ Bxd6 13. Bxd6 Nfe4 14. Bxc5 Nxc5
15. Qc2 Nd7 16. b4 Rc8 17. Qb2 Qf6 18. Qxf6 Nxf6 19. Rfc1 Ke7 20. Ne5 Bxg2 21.
Kxg2 Nd7 1/2-1/2

[Event "PRO League Group Stage"]
[Site "chess.com INT"]
[Date "2018.02.24"]
[Round "7"]
[White "Lenderman, Aleksandr"]
[Black "Cornette, Matthieu"]
[Result "1/2-1/2"]
[WhiteTitle "GM"]
[BlackTitle "GM"]
[WhiteElo "2611"]
[BlackElo "2611"]
[WhiteTeam "Montclair Sopranos"]
[BlackTeam "Cannes Blockbusters"]
[WhiteFideId "2021285"]
[BlackFideId "620084"]
[EventDate "2018.01.18"]

1. b3 Nf6 2. Bb2 g6 3. g3 Bg7 4. Bg2 d6 5. d4 c5 6. dxc5 Qa5+ 7. Qd2 Qxc5 8. c4
Nc6 9. Nc3 O-O 10. Nh3 Qd4 11. Qxd4 Nxd4 12. O-O-O Nc6 13. Rd2 Bf5 14. Nf4 Rac8
15. Nfd5 Rfe8 16. Nxf6+ Bxf6 17. Nd5 Bg7 18. Bxg7 Kxg7 19. Kb2 b6 20. h4 Ne5 21.
f4 Ng4 22. e4 Be6 23. h5 Bxd5 24. exd5 f5 25. Bf3 Nf6 26. Rg2 Kf7 27. g4 fxg4
28. Bxg4 Nxg4 29. Rxg4 Rg8 30. hxg6+ hxg6 31. Rh7+ Kf6 32. Rgh4 Rg7 1/2-1/2

[Event "PRO League Group Stage"]
[Site "chess.com INT"]
[Date "2018.02.24"]
[Round "7"]
[White "Lenderman, Aleksandr"]
[Black "Andriasian, Zaven"]
[Result "1-0"]
[WhiteTitle "GM"]
[BlackTitle "GM"]
[WhiteElo "2611"]
[BlackElo "2585"]
[WhiteTeam "Montclair Sopranos"]
[BlackTeam "Armenia Eagles"]
[WhiteFideId "2021285"]
[BlackFideId "13302000"]
[EventDate "2018.01.18"]

1. d4 d5 2. c4 c6 3. Nf3 Nf6 4. Qc2 dxc4 5. Qxc4 Bf5 6. g3 e6 7. Bg2 Nbd7 8. O-O
Be7 9. e3 O-O 10. Rd1 Ne4 11. Qe2 Qc7 12. Nfd2 Nxd2 13. Bxd2 e5 14. e4 Be6 15.
d5 cxd5 16. exd5 Bf5 17. Nc3 a6 18. Be3 Bd6 19. Be4 Bxe4 20. Nxe4 Rae8 21. Rac1
Qb8 22. Qc4 Rc8 23. Qa4 Rcd8 24. Qb3 b6 25. Rc6 Bc5 26. Nxc5 bxc5 27. Qxb8 Rxb8
28. b3 e4 29. Bxc5 Rfe8 30. Bd6 Ra8 31. Rc7 Nf6 32. Be7 h5 33. d6 Kh7 34. Bxf6
gxf6 35. Rxf7+ Kg6 36. Rc7 Rad8 37. d7 Re7 38. Rd6 Kf5 39. Rc5+ Kg4 40. Kg2 Re5
41. Rc8 e3 42. fxe3 1-0

[Event "PRO League Group Stage"]
[Site "chess.com INT"]
[Date "2018.02.24"]
[Round "7"]
[White "Ghasi, Ameet K"]
[Black "Hansen, Eric"]
[Result "1-0"]
[WhiteTitle "IM"]
[BlackTitle "GM"]
[WhiteElo "2475"]
[BlackElo "2629"]
[WhiteTeam "London Towers"]
[BlackTeam "Montreal Chessbrahs"]
[WhiteFideId "409200"]
[BlackFideId "2606771"]
[EventDate "2018.01.18"]

1. Nf3 Nf6 2. g3 g6 3. Bg2 Bg7 4. O-O O-O 5. d4 d5 6. c4 dxc4 7. Na3 c3 8. bxc3
c5 9. e3 Nc6 10. Qe2 Nd5 11. Bb2 Qa5 12. Rfc1 Nb6 13. Nd2 Na4 14. Nb3 Qb6 15.
dxc5 Nxc5 16. Nc4 Qb5 17. Nd4 Qa6 18. Ba3 Na4 19. Rab1 Bd7 20. Bf1 b6 21. Nd2
Qc8 22. Qa6 Nc5 23. Qe2 Ne5 24. Rd1 Re8 25. Bg2 Ba4 26. Rf1 Rb8 27. N2b3 Ne6 28.
Rfc1 Nc4 29. Bb2 Rd8 30. Ba1 h5 31. h4 Bf6 32. Nd2 Ne5 33. Ne4 Bg7 34. c4 Nc5
35. Ng5 Bd7 36. Bd5 Bg4 37. Qf1 e6 38. Bg2 Ned3 39. Rc3 Ne5 40. Rcc1 Ned3 41.
Rc3 Ne5 42. Ra3 Rd7 43. f3 Bf5 44. e4 f6 45. exf5 fxg5 46. fxe6 Rd6 47. hxg5 1-0

[Event "PRO League Group Stage"]
[Site "chess.com INT"]
[Date "2018.02.24"]
[Round "7"]
[White "Ghasi, Ameet K"]
[Black "Miroshnichenko, Evgenij"]
[Result "0-1"]
[WhiteTitle "IM"]
[BlackTitle "GM"]
[WhiteElo "2475"]
[BlackElo "2606"]
[WhiteTeam "London Towers"]
[BlackTeam "Australia Kangaroos"]
[WhiteFideId "409200"]
[BlackFideId "14102595"]
[EventDate "2018.01.18"]

1. Nf3 Nf6 2. g3 d5 3. Bg2 Bg4 4. O-O e6 5. h3 Bh5 6. c4 c6 7. cxd5 exd5 8. d3
Be7 9. Qc2 O-O 10. e4 dxe4 11. dxe4 Nbd7 12. Nc3 Nc5 13. Rd1 Qc8 14. g4 Bg6 15.
Ne5 Ne6 16. Be3 Qc7 17. f4 Bc5 18. Bxc5 Nxc5 19. b4 Ne6 20. Qf2 h6 21. Rac1 Bh7
22. Nd5 Qd8 23. Nxf6+ Qxf6 24. Nd7 Qxf4 25. Nxf8 Rxf8 26. Qxa7 h5 27. Rf1 Qg5
28. Qxb7 hxg4 29. hxg4 Nd4 30. Rce1 Qxg4 31. Rf2 Qg3 32. Rd1 Bxe4 33. Rxd4 Bxg2
34. Rxg2 Qe1+ 35. Kh2 Qe5+ 36. Rg3 Qxd4 37. a3 Qf2+ 38. Kh3 Qf1+ 39. Kh2 Qe2+
40. Rg2 Qe5+ 41. Kg1 Rd8 42. Qxc6 Rd1+ 43. Kf2 Qf4+ 44. Ke2 Rd2+ 45. Ke1 Qe3+
46. Kf1 Rd1# 0-1

[Event "PRO League Group Stage"]
[Site "chess.com INT"]
[Date "2018.02.24"]
[Round "7"]
[White "Ghasi, Ameet K"]
[Black "Mamedov, Rauf"]
[Result "0-1"]
[WhiteTitle "IM"]
[BlackTitle "GM"]
[WhiteElo "2475"]
[BlackElo "2709"]
[WhiteTeam "London Towers"]
[BlackTeam "San Jose Hackers"]
[WhiteFideId "409200"]
[BlackFideId "13401653"]
[EventDate "2018.01.18"]

1. Nf3 g6 2. g3 Bg7 3. d4 d6 4. Bg2 Nd7 5. O-O e5 6. c4 exd4 7. Nxd4 Ne7 8. Nc3
O-O 9. e3 a6 10. b3 Rb8 11. Bb2 Ne5 12. f4 Ng4 13. Qd2 c5 14. Nde2 b5 15. h3 Nf6
16. cxb5 axb5 17. Rad1 d5 18. g4 Qb6 19. g5 Nh5 20. Nxd5 Nxd5 21. Bxg7 Nxg7 22.
Qxd5 Nf5 23. Qd2 b4 24. e4 c4+ 25. Nd4 c3 26. Qf2 Nxd4 27. Qxd4 Qa5 28. Rf2 Be6
29. Qf6 Rb6 30. Qe7 Rc6 31. f5 Bc8 32. Kh2 Qc5 33. Qxc5 Rxc5 34. fxg6 hxg6 35.
h4 Bg4 36. Rc1 Rd8 37. Kg3 Be6 38. Bf1 Ra5 39. Kf4 Kf8 40. Ke3 Ke7 41. Bd3 Rh8
42. Rh1 Rxg5 43. hxg5 Rxh1 44. Kd4 Rd1 45. a3 Bxb3 46. Ke3 bxa3 47. Bc2 Re1+ 48.
Kd4 a2 0-1

[Event "PRO League Group Stage"]
[Site "chess.com INT"]
[Date "2018.02.24"]
[Round "7"]
[White "Ghasi, Ameet K"]
[Black "Shimanov, Aleksandr"]
[Result "0-1"]
[WhiteTitle "IM"]
[BlackTitle "GM"]
[WhiteElo "2475"]
[BlackElo "2641"]
[WhiteTeam "London Towers"]
[BlackTeam "Webster Windmills"]
[WhiteFideId "409200"]
[BlackFideId "4198603"]
[EventDate "2018.01.18"]

1. Nf3 Nf6 2. g3 c5 3. Bg2 Nc6 4. O-O d6 5. a3 g6 6. c3 Bg7 7. d4 O-O 8. h3 Qc7
9. Re1 e5 10. dxe5 dxe5 11. e4 h6 12. Nbd2 Be6 13. b4 Rfd8 14. Qe2 Nd7 15. Nf1
Nb6 16. Ne3 Na4 17. Qc2 b5 18. h4 Rac8 19. h5 cxb4 20. hxg6 b3 21. gxf7+ Qxf7
22. Qe2 Nxc3 23. Qf1 Nd4 24. Nh4 Nc2 25. Bb2 Nxe3 26. Rxe3 Na4 27. Rf3 Qe8 28.
Rb1 Rc2 29. Bc1 Nc3 30. Rxc3 Rxc3 31. Nf5 Bxf5 32. exf5 e4 33. Bb2 Rcd3 34. f6
Qh5 35. Re1 Rd1 36. f3 exf3 37. Rxd1 Rxd1 38. Qxd1 f2+ 0-1

[Event "PRO League Group Stage"]
[Site "chess.com INT"]
[Date "2018.02.24"]
[Round "7"]
[White "Chen, Forest"]
[Black "Bonnafous, Michel"]
[Result "0-1"]
[WhiteElo "2107"]
[BlackElo "1958"]
[WhiteTeam "Saint Louis Arch Bishops"]
[BlackTeam "Marseille Migraines"]
[WhiteFideId "30908205"]
[BlackFideId "615056"]
[EventDate "2018.01.18"]

1. d4 f5 2. c4 Nf6 3. Nc3 e6 4. Nf3 d6 5. g3 Be7 6. Bg2 O-O 7. O-O d5 8. Qc2 c6
9. b3 Nbd7 10. Bb2 Ne4 11. e3 Ndf6 12. Ne5 g5 13. Nxe4 Nxe4 14. f3 Nf6 15. e4 f4
16. gxf4 gxf4 17. Bh3 Kh8 18. Kh1 Qe8 19. Rg1 Qh5 20. Bg4 Nxg4 21. Rxg4 Bd6 22.
Rag1 Bxe5 23. dxe5 Bd7 24. exd5 cxd5 25. cxd5 Rac8 26. Qe4 Qh6 27. Qe1 Rf5 28.
Qe4 Rcf8 29. Qxf4 Qxf4 30. Rxf4 Rxf4 31. Bc1 Rxf3 32. Bg5 exd5 33. Bf6+ R3xf6
34. exf6 Rxf6 35. Re1 Kg7 36. Re7+ Rf7 37. Re5 Kf6 38. Re3 Rg7 39. h4 d4 40. Rd3
Ke5 0-1

[Event "PRO League Group Stage"]
[Site "chess.com INT"]
[Date "2018.02.24"]
[Round "7"]
[White "Chen, Forest"]
[Black "Hemant, Sharma2"]
[Result "0-1"]
[BlackTitle "IM"]
[WhiteElo "2107"]
[BlackElo "2348"]
[WhiteTeam "Saint Louis Arch Bishops"]
[BlackTeam "Delhi Dynamite"]
[WhiteFideId "30908205"]
[BlackFideId "5025842"]
[EventDate "2018.01.18"]

1. d4 d5 2. c4 e6 3. Nf3 Nf6 4. g3 Bb4+ 5. Bd2 Bd6 6. Bg2 O-O 7. O-O c6 8. Qc2
h6 9. Nc3 Nbd7 10. e4 dxe4 11. Nxe4 Nxe4 12. Qxe4 Qe7 13. Bc3 Nf6 14. Qe2 Bd7
15. Ne5 Rfd8 16. Rab1 Be8 17. b4 Rac8 18. a4 b5 19. Qa2 bxc4 20. Qxc4 Nd5 21.
Nd3 Nb6 22. Qa2 Bb8 23. Nc5 Nd5 24. Qc4 Nb6 25. Qb3 Nd5 26. Rfe1 Bd6 27. Qc4 Nb6
28. Qa6 Nd5 29. Ba1 Rb8 30. Qc4 Nb6 31. Qc2 Nd5 32. Bc3 a5 33. Bxd5 cxd5 34. b5
Bxc5 35. dxc5 Qxc5 36. Qb2 d4 37. Bxa5 Rd5 38. Bd2 Bd7 39. Rec1 Qd6 40. Qa2 e5
41. b6 Be6 42. a5 Rc5 43. Qa3 Rxc1+ 44. Bxc1 Qd5 45. a6 Bh3 46. f3 Qc4 47. Be3
Rxb6 48. Ra1 Qc2 49. Qa2 Rb1+ 50. Rxb1 Qxa2 0-1

[Event "PRO League Group Stage"]
[Site "chess.com INT"]
[Date "2018.02.24"]
[Round "7"]
[White "Chen, Forest"]
[Black "Rodchenkov, Vitaly"]
[Result "0-1"]
[BlackTitle "FM"]
[WhiteElo "2107"]
[BlackElo "2304"]
[WhiteTeam "Saint Louis Arch Bishops"]
[BlackTeam "Volga Stormbringers"]
[WhiteFideId "30908205"]
[BlackFideId "4152964"]
[EventDate "2018.01.18"]

1. d4 d5 2. c4 e6 3. Nf3 Nf6 4. g3 Bb4+ 5. Bd2 Be7 6. Bg2 O-O 7. O-O c6 8. Qc2
Nbd7 9. Bf4 Ne4 10. Nc3 f5 11. Ne5 Nd6 12. c5 Nf7 13. Nxf7 Rxf7 14. b4 g5 15.
Be5 Nxe5 16. dxe5 Bd7 17. e3 g4 18. Ne2 Qc7 19. Qc3 Bf8 20. Nf4 Bg7 21. Nd3 h5
22. Rab1 h4 23. Rfc1 Raf8 24. a4 a6 25. Qd4 Bh8 26. Qf4 Rh7 27. b5 cxb5 28. axb5
Bxb5 29. Nb4 Bxe5 30. Qg5+ Kh8 31. Qg6 hxg3 32. hxg3 Bxg3 33. fxg3 Qxg3 34. Qxe6
Qh2+ 35. Kf2 Rh3 36. Nxd5 Rf3+ 37. Ke1 Qh4+ 38. Kd1 Re8 39. Qf6+ Qxf6 40. Nxf6
Rd8+ 41. Ke1 Rxe3+ 42. Kf2 f4 43. Rb2 g3+ 44. Kg1 f3 45. Ng4 Rc3 46. Re1 fxg2
47. Rxg2 Re8 48. Rxe8+ Bxe8 49. Rb2 Bc6 50. Rb1 Rxc5 51. Ne3 Rh5 52. Ng2 Rh2 0-1

[Event "PRO League Group Stage"]
[Site "chess.com INT"]
[Date "2018.02.24"]
[Round "7"]
[White "Chen, Forest"]
[Black "Kjartansson, David"]
[Result "1-0"]
[BlackTitle "FM"]
[WhiteElo "2107"]
[BlackElo "2409"]
[WhiteTeam "Saint Louis Arch Bishops"]
[BlackTeam "Reykjavik Puffins"]
[WhiteFideId "30908205"]
[BlackFideId "2301130"]
[EventDate "2018.01.18"]

1. d4 d5 2. c4 dxc4 3. e4 Nf6 4. e5 Nd5 5. Bxc4 Nb6 6. Bb3 e6 7. Be3 Bd7 8. Nc3
Bc6 9. Nf3 a5 10. a3 a4 11. Ba2 Be7 12. O-O Nd5 13. Qe2 Qd7 14. Nd2 Na6 15. Nde4
h6 16. Rad1 O-O-O 17. Bc4 Nb8 18. Nb5 Rdf8 19. Na7+ Kd8 20. Nxc6+ bxc6 21. Rfe1
f5 22. exf6 gxf6 23. Nc5 Bxc5 24. dxc5 h5 25. Bd4 Ke7 26. Qe4 Kf7 27. Rd3 Qe7
28. Rf3 Nd7 29. Qh4 Rfg8 30. Bxd5 cxd5 31. c6 Rg4 32. Qh3 Rxd4 33. cxd7 f5 34.
Qg3 Rd8 35. Rxf5+ 1-0

[Event "PRO League Group Stage"]
[Site "chess.com INT"]
[Date "2018.02.24"]
[Round "7"]
[White "Smirnov, Anton"]
[Black "Hauge, Lars Oskar"]
[Result "1-0"]
[WhiteTitle "GM"]
[BlackTitle "IM"]
[WhiteElo "2527"]
[BlackElo "2436"]
[WhiteTeam "Australia Kangaroos"]
[BlackTeam "Oslo Trolls"]
[WhiteFideId "3208923"]
[BlackFideId "1509276"]
[EventDate "2018.01.18"]

1. e4 c5 2. Nf3 d6 3. d4 cxd4 4. Nxd4 Nf6 5. Nc3 a6 6. Bd3 g6 7. f3 Bg7 8. Be3
Nc6 9. Nxc6 bxc6 10. O-O O-O 11. Qe1 Rb8 12. b3 d5 13. Rd1 Qa5 14. Nxd5 Qxe1 15.
Nxf6+ Bxf6 16. Rfxe1 a5 17. Bc4 a4 18. Bc5 Re8 19. Rd3 Be5 20. b4 Bc7 21. Red1
h5 22. h3 g5 23. Kf2 g4 24. hxg4 hxg4 25. Ke3 Kg7 26. f4 Rh8 27. Bxe7 Bb6+ 28.
Ke2 Bc7 29. e5 Rh2 30. Rg3 Bf5 31. Bd3 Be6 32. a3 Kh6 33. c4 Re8 34. Bg5+ Kh5
35. Bf6 Bc8 36. Kf2 Re6 37. Kg1 Rxf6 38. exf6 Bxf4 39. Kxh2 Kh4 40. Be4 Bxg3+
41. Kg1 Be5 42. Bxc6 Bxf6 43. b5 Be7 44. Kh1 Bc5 45. Rd5 Bxa3 46. b6 Bb4 47.
Bxa4 Bb7 48. Rd7 Be4 49. b7 Kg3 50. b8=Q+ Kf2 51. Qf4+ 1-0

[Event "PRO League Group Stage"]
[Site "chess.com INT"]
[Date "2018.02.24"]
[Round "7"]
[White "Smirnov, Anton"]
[Black "Haria, Ravi"]
[Result "0-1"]
[WhiteTitle "GM"]
[BlackTitle "IM"]
[WhiteElo "2527"]
[BlackElo "2374"]
[WhiteTeam "Australia Kangaroos"]
[BlackTeam "London Lions"]
[WhiteFideId "3208923"]
[BlackFideId "415820"]
[EventDate "2018.01.18"]

1. e4 e6 2. d4 d5 3. Nc3 dxe4 4. Nxe4 Bd7 5. Nf3 Bc6 6. Bd3 Nd7 7. c3 Be7 8. Qe2
Ngf6 9. Nxf6+ Bxf6 10. O-O O-O 11. a4 Bxf3 12. Qxf3 c5 13. dxc5 Ne5 14. Bxh7+
Kxh7 15. Qxb7 Qd5 16. Qxd5 exd5 17. Rd1 Rfd8 18. Ra2 Rac8 19. b4 d4 20. Rxd4
Rxd4 21. cxd4 Nc6 22. b5 Nxd4 23. Ba3 a6 24. b6 Nc6 25. Rd2 Rd8 26. Rxd8 Bxd8
27. Kf1 Kg6 28. Ke2 Kf5 29. Kd3 Ke6 30. Kc4 Na5+ 31. Kb4 Nc6+ 32. Kc4 f5 33. Bc1
g5 34. f4 g4 35. Bd2 Be7 36. Bc3 Bh4 37. Be5 Bf2 38. Bd6 Na5+ 39. Kb4 Be1+ 40.
Ka3 Kd5 41. h3 gxh3 42. gxh3 Bh4 43. Bf8 Bg3 44. Be7 Bxf4 45. h4 Nc6 46. Bf8 Be5
47. Kb3 Nd4+ 48. Kb4 f4 49. Bh6 f3 50. Be3 Nc2+ 51. Ka5 Nxe3 52. Kxa6 f2 53. Ka7
f1=Q 0-1

[Event "PRO League Group Stage"]
[Site "chess.com INT"]
[Date "2018.02.24"]
[Round "7"]
[White "Smirnov, Anton"]
[Black "Ducarmon, Quinten"]
[Result "1-0"]
[WhiteTitle "GM"]
[BlackTitle "IM"]
[WhiteElo "2527"]
[BlackElo "2472"]
[WhiteTeam "Australia Kangaroos"]
[BlackTeam "Amsterdam Mosquitoes"]
[WhiteFideId "3208923"]
[BlackFideId "1025007"]
[EventDate "2018.01.18"]

1. e4 c6 2. d4 d5 3. e5 c5 4. dxc5 Nc6 5. f4 Nh6 6. Nf3 Bg4 7. Be3 Nf5 8. Bf2 e6
9. Nbd2 d4 10. h3 Bxf3 11. Qxf3 Bxc5 12. a3 Ne3 13. Bd3 Qa5 14. Ke2 Qc7 15. Ne4
Bb6 16. Nd6+ Kf8 17. Bxe3 dxe3 18. c3 Rd8 19. Rhd1 a6 20. Bc4 g6 21. Rd3 Nd4+
22. cxd4 Rxd6 23. exd6 Qxc4 24. Qxe3 Kg7 25. Rc1 Qa2 26. Rd2 Rd8 27. b4 Qd5 28.
Qe5+ f6 29. Qxd5 exd5 30. Kd3 Rxd6 31. Re2 Rd7 32. g4 Kf7 33. Rc8 1-0